LIBRARY & INFORMATION CENTRE, KCAET, TAVANUR

ONLINE PUBLIC ACCESS CATALOGUE (OPAC)

Perspectives in Environmental Studies (Record no. 14474)

MARC details
000 -LEADER
fixed length control field 00377nam a22001457a 4500
020 ## - INTERNATIONAL STANDARD BOOK NUMBER
ISBN 9788122421590
082 ## - DEWEY DECIMAL CLASSIFICATION NUMBER
Classification number 628.
Item number ANU/PE
100 ## - MAIN ENTRY--AUTHOR NAME
Personal name Anubha, Kaushik
100 ## - MAIN ENTRY--AUTHOR NAME
Personal name Kaushik,C.P
245 ## - TITLE STATEMENT
Title Perspectives in Environmental Studies
250 ## - EDITION STATEMENT
Edition statement 3 rd
260 ## - PUBLICATION, DISTRIBUTION, ETC. (IMPRINT)
Place of publication New Delhi
Name of publisher New Age International (P) limited, Publishers
Year of publication 2012
300 ## - PHYSICAL DESCRIPTION
Number of Pages 309
942 ## - ADDED ENTRY ELEMENTS (KOHA)
Koha item type Books
Holdings
Withdrawn status Lost status Damaged status Collection code Home library Current library Shelving location Date acquired Source of acquisition Cost, normal purchase price Full call number Accession Number Koha item type
        KAUAET KAUAET General Stacks 07/07/2016 Aman Book Stall, Calicut 150.00 628. ANU/PE 24954 Books
free website counter